• AIU
  • Tony Wilmot Memorial Library
Normal view MARC view

Entry Personal Name

Number of records used in: 1

001 - CONTROL NUMBER

  • control field: 56552

003 - CONTROL NUMBER IDENTIFIER

  • control field: OSt

005 - DATE AND TIME OF LATEST TRANSACTION

  • control field: 20241003092732.0

008 - FIXED-LENGTH DATA ELEMENTS

  • fixed length control field: 241003|| aca||aabn | a|a d

040 ## - CATALOGING SOURCE

  • Original cataloging agency: OSt
  • Transcribing agency: OSt

100 ## - HEADING--PERSONAL NAME

  • Personal name: Inayatullah, Sohail,
  • Dates associated with a name: 1958-

670 ## - SOURCE DATA FOUND

  • Source citation: Work cat.: (OSt)68024: The university in transformation :, 2000.